| Tag |
First Indicator |
Second Indicator |
Subfields |
| LEADER |
00000pam a2200000 i 4500 |
| 001 |
in00000502021 |
| 005 |
20151013061158.0 |
| 008 |
750430r19751922nyu 00010 eng |
| 010 |
|
|
|a 73018585
|
| 020 |
|
|
|a 0404113966
|
| 035 |
|
|
|a (OCoLC)01363422
|
| 035 |
|
|
|9 ACC9775AM
|
| 040 |
|
|
|a DLC
|c DLC
|d TXA
|d UtOrBLW
|
| 049 |
|
|
|a TXAM
|c [1551510]
|
| 050 |
0 |
0 |
|a PS3519.O253
|b B7 1975
|
| 082 |
0 |
|
|a 811/.5/2
|
| 100 |
1 |
|
|a Johnson, Georgia Douglas,
|d 1886-1966.
|
| 245 |
1 |
0 |
|a Bronze :
|b a book of verse /
|c by Georgia Douglas Johnson ; with an introd. by W. E. B. Du Bois.
|
| 264 |
|
1 |
|a New York :
|b AMS Press,
|c 1975.
|
| 300 |
|
|
|a 101 pages ;
|c 18 cm.
|
| 336 |
|
|
|a text
|b txt
|2 rdacontent
|
| 337 |
|
|
|a unmediated
|b n
|2 rdamedia
|
| 338 |
|
|
|a volume
|b nc
|2 rdacarrier
|
| 500 |
|
|
|a Reprint of the 1922 edition published by B. J. Brimmer, Boston.
|
| 999 |
|
|
|a MARS
|
| 999 |
f |
f |
|s 746a2358-1936-37af-8bdc-1ace5e71a7e8
|i eefc5eb0-1d48-303c-860f-0c31833369d1
|t 0
|
| 952 |
f |
f |
|p ric
|a Texas A&M University
|b Rellis Campus
|c Joint Library Facility
|d Remote Storage
|t 0
|e PS3519.O253 B7 1975
|h Library of Congress classification
|i unmediated -- volume
|m A14804094244
|
| 998 |
f |
f |
|a PS3519.O253 B7 1975
|t 0
|l Remote Storage
|